Statistiques concernant Les 10 villes les + peuplées par D.

Cliquez ici pour prendre le quiz!

Statistiques générales

  • Ce quiz a été pris 128 fois
  • Le résultat moyen est 5 sur 10

Statistiques - réponses

RéponsePop.Pays% Correct
N°1Delhi26 454 086I . . e
89%
N°2Dacca18 615 648B . . . . . . . . h
82%
N°7Dubaï5 429 549É . . . . . . - . . . . . . - . . . s
75%
N°4Dallas8 057 796É . . . . - . . . s
71%
N°5Détroit5 696 911É . . . . - . . . s
63%
N°10Dakar3 938 358S . . . . . l
53%
N°6Dar es Salam5 572 776T . . . . . . e
38%
N°9Djeddah4 082 184A . . . . . - . . . . . . . e
20%
N°8Dalian4 087 733C . . . e
11%
N°3Dongguan8 396 820C . . . e
8%

Distribution des résultats

Percentile par nombre de réponses

% des personnes avec chaque résultat

Votre développement - résultats

Vous n’avez pas pris ce quiz